| 000 | 00740nam a22001577a 4500 | ||
|---|---|---|---|
| 003 | OSt | ||
| 005 | 20150926110003.0 | ||
| 008 | 150926b xxu||||| |||| 00| 0 eng d | ||
| 040 | _cRUA | ||
| 082 | _aAGR TAC 2013 B054 Or.1 | ||
| 100 |
_91375 _aTAC, CHENDA. |
||
| 245 | _aEffective of IMO on the growth of celery cabbage at crop station of royal university of agriculture, ប្រសិទ្ឌភាពIMOទៅលើការលូតលាស់ដំណាំស្ពៃចង្កឹះនៅស្ថានីយពិសោធន៍ដំណាំណាសាកលវិទ្យាល័យភូមិន្ទកសិកម្ម | ||
| 260 |
_aPhnom Penh _bill. _c29cm. |
||
| 300 |
_axii; 42p. _bill. _c29cm. |
||
| 942 |
_2ddc _cAGR |
||
| 999 |
_c1291 _d1291 |
||